000 00652nam a2200193Ii 4500
003 JO-AjNU
008 230605s9999||||xx |||||||||||||| ||und||
040 _aJO-AjNU
_bara
_erda
_cJO-AjNU
041 _aara
050 1 4 _aB741.F3238
100 3 _aالفاضل، داود علي,
_eauthor
_935471
245 0 0 _aمحاضرات في تاريخ الفكر الفلسفي في الإسلام
264 3 1 _aعمان:دار الفكر للنشر والتوزيع ، د.ت
300 _a180ص
336 _atext
_btxt
_2rdacontent
337 _aunmediated
_bn
_2rdamedia
338 _avolume
_bnc
_2rdacarrier
650 4 _aفلسفة اسلامية
_935472
999 _aA14649
_c18217
_d18217